书目信息 |
| 题名: |
俄汉水声学词汇
|
|
| 作者: | 关定华 主编 | |
| 分册: | ||
| 出版信息: | 北京 海洋出版社 1985.2 |
|
| 页数: | 365页 | |
| 开本: | 20cm | |
| 丛书名: | ||
| 单 册: | ||
| 中图分类: | O427.1 | |
| 科图分类: | ||
| 主题词: | 声学 | |
| 电子资源: | ||
| ISBN: | ||
| 000 | 00532nam0 2200193 45 | |
| 001 | 0312221749 | |
| 005 | 20031222171119.5 | |
| 010 | @dCNY5.00 | |
| 100 | @a20031222d1985 km y0chiy0120 ea | |
| 101 | @achi | |
| 105 | @a z 000yy | |
| 200 | 1 | @a俄汉水声学词汇@AE Han Shui Sheng Xue Ci Hui@f关定华主编@FGuan Ding Hua Zhu Bian |
| 210 | @a北京@c海洋出版社@d1985.2 | |
| 215 | @a365页@d20cm | |
| 606 | 0 | @a声学 |
| 690 | @aO427.1@v3 | |
| 701 | 0 | @a关定华@4主编 |
| 801 | @aCN@bTSTCL@c20031222 | |
| 905 | @a213230@dO427.1@e10@b164447-448@f2 | |
| 俄汉水声学词汇/关定华主编.-北京:海洋出版社,1985.2 |
| 365页;20cm |
| ISBN :CNY5.00 |
| ● |
| 相关链接 |
|
|
|
|
正题名:俄汉水声学词汇
索取号:O427.1/10
 
预约/预借
| 序号 | 登录号 | 条形码 | 馆藏地/架位号 | 状态 | 备注 |
| 1 | 0164447 | 000554563 | 工具书阅览室/ [索取号:O427.1/10] | 在馆 | |
| 2 | 0164448 | 000556428 | 第二样本阅览室/ [索取号:O427.1/10] | 在馆 |